000 00521cam a22001931 4500
001 ltf91064174
003 DLC
005 20260227111554.0
008 080923s1948 it 000 0 ita
010 _altf91064174
040 _aDLC
_cDLC
_dDLC
050 0 0 _a4PR 124
100 1 _aGann, Ernest Kellogg,
_d1910-1991.
245 1 0 _aBagliore a mezzogiorno,
_bromanzo.
_cDella traduzione di Liana Ferri.
250 _a[1. ed.].
260 _aRoma,
_bReanda
_c[1948]
300 _a335 p.
490 0 _aIl pettirosso,
_vvol. 4
999 _c37648
_d37648